000 00598nam a2200241 a 4500
001 0001-1335
003 ELIB.Books
008 150825 2010 eng
020 _a0060192313
035 _a(ELIB.Books)0001-1490
092 _a170
_bDye
100 _aDyer, Wayne W.
245 _aWisdom of the Ages
260 _aNew York
_bHarper Collins Publishers
_c1998
300 _a268
_c24 Cm
500 _aDr. Min Oo
650 _aConduct of Life
856 _nKBTS: Library
_uKBTS: Elib
942 _2ddc
_cBK
990 _a1
998 _cbat
_e2015-08-25
999 _c11335
_d11335